Studentský věstník orgán Ústředního svazu československého studentstva

Bibliographic Details
Format: Journal
Language:Czech
PhysicalDescription:15 zv. 28 cm
Published: Praha Ústřední svaz československého studentstva 1920-1935
Subjects:

MARC

LEADER 00000cas a2200000 a 4500
001 vtls001473841
003 SK-MaSNL
005 20260228160805.0
008 160624d19201935xr br p 0 0 0cze c
035 |a SNK000429143 
040 |a SNK  |b slo  |c SNK  |e AACR2 
041 0 |a cze 
044 |a xr  |c CZ 
072 7 |a 37  |x Výchova a vzdelávanie  |2 konspekt 
080 |a 37.011.3-052  |2 2011 
080 |a 050  |2 2011 
245 0 0 |a Studentský věstník  |b orgán Ústředního svazu československého studentstva 
260 |a Praha  |b Ústřední svaz československého studentstva  |c 1920-1935 
300 |a 15 zv.  |c 28 cm 
310 |a 2x mesačne 
362 0 |a Roč. 1, č. 1 (1920)-roč. 15, č. 6/7 (1935) 
650 0 7 |a študenti  |2 SNKPH  |9 3979 
655 7 |a vestníky  |2 SNKPH  |9 70701 
710 2 |a Ústřední svaz československého studentstva  |4 pbl  |9 267337 
770 0 |t Věstník sociální péče 
910 |a snk 
999 |c 3608  |d 5538 
952 |0 0  |1 1  |4 0  |7 0  |8 3  |a SNK  |b SNK  |d 2004-04-27  |g 0.66  |i snkK 911/2003  |l 0  |o snkČB 3207/12/1933  |p 17A0367526  |r 2005-01-02 00:00:00  |w 2026-02-21  |y PREZ 
952 |0 0  |1 1  |4 0  |7 0  |8 5  |a SNK  |b SNK  |d 2003-06-05  |i snkF 3977/78  |l 0  |o snkČB 3207/11/1931-1932  |p 17A0386359  |r 2005-01-02 00:00:00  |t č. 1-37, neúplné  |w 2026-02-21  |y PREZ  |z Chýba č. 12-20